Bài giảng bồi dưỡng cán bộ quản lí trường học Tập 3 Lý luận quản lý vận dụng vào quản lý trường tiểu học
Đã lưu trong:
| Tác giả chính: | |
|---|---|
| Định dạng: | Sách |
| Năm xuất bản: |
H
Trường cán bộ quản lý giáo dục TP. Hồ Chí Minh
1996
|
| Chủ đề: | |
| Tags: |
Thêm thẻ
Không có thẻ, Hãy là người đầu tiên gắn thẻ bản ghi này!
|
| LEADER | 00697nam a2200145 4500 | ||
|---|---|---|---|
| 082 | |a 372.12 |b B103gi | ||
| 100 | |a Phan kim Khanh | ||
| 245 | |a Bài giảng bồi dưỡng cán bộ quản lí trường học |c Phan kim Khanh, Đoàn Ngọc Mai, Nguyễn Minh Lý,... |n Tập 3 |p Lý luận quản lý vận dụng vào quản lý trường tiểu học | ||
| 260 | |a H |c 1996 |b Trường cán bộ quản lý giáo dục TP. Hồ Chí Minh | ||
| 300 | |a 231tr |c 25cm. | ||
| 520 | |a | ||
| 653 | |a Trường Tiểu học | ||
| 942 | |2 ddc |c STK0 | ||
| 999 | |c 9969 |d 9969 | ||
| 952 | |0 0 |1 0 |2 ddc |4 0 |6 372_120000000000000_B103GI |7 0 |8 300 |9 78233 |a qbu |b qbu |c D2 |d 2015-07-15 |g 25000 |o 372.12 B103gi |p 10282.c1 |r 0000-00-00 |w 2015-07-15 |y SH | ||